Ensayo de métrica sintagmática (ejemplos del "Libro de Buen amor" y del "Laberinto" de Juan de Mena)
Guardado en:
| Hovedforfatter: | |
|---|---|
| Format: | Bog |
| Sprog: | Undetermined |
| Udgivet: |
Madrid, España
Editorial Gredos
1969
|
| Fag: | |
| Tags: |
Tilføj Tag
Ingen Tags, Vær først til at tagge denne postø!
|
MARC
| LEADER | 00000nam a2200000Ia 4500 | ||
|---|---|---|---|
| 008 | 170316s9999 xx 000 0 und d | ||
| 090 | |a 415-E M-2e | ||
| 100 | |a Macrí, Oreste | ||
| 245 | |a Ensayo de métrica sintagmática (ejemplos del "Libro de Buen amor" y del "Laberinto" de Juan de Mena) | ||
| 260 | |a Madrid, España | ||
| 260 | |b Editorial Gredos | ||
| 260 | |c 1969 | ||
| 300 | |a 295 páginas | ||
| 650 | |a GRAMÁTICA ESPAÑOLA | ||
| 650 | |a ENSAYO - MÉTRICA SINTAGMÁTICA | ||
| 999 | |c 19042 |d 19042 | ||
| 040 | |a cru BVZT | ||
| 942 | |c 15 D |h 415-E M-2e |2 z | ||
